Logo BPK

Biblioteka

Politechniki Koszalińskiej

Landscape diversity : (Rekord nr 42896)

Szczegóły MARC
000 -ETYKIETA REKORDU
podpole kontrolne o stałej długości 01430nam a2200277 i 4500
001 - NUMER KONTROLNY REKORDU
pole kontrolne bg
020 ## - MIĘDZYNARODOWY ZNORMALIZOWANY NUMER KSIĄŻKI - ISBN
ISBN 8385274200 ("Bonami")
040 ## - ŹRÓDŁO KATALOGOWANIA
Instytucja, która utworzyła rekord BPK
041 0# - KOD JĘZYKA
Kod języka tekstu eng
080 ## - UNIWERSALNA KLASYFIKACJA DZIESIĘTNA - UKD
UKD 338.43:631.95:502.6:504](4-191.2-11)"1989/..."(061)
920 ## - Międzynarodowy znormalizowany numer książki – ISBN
ISBN 83-85274-20-0 ("Bonami")
008 - POLE O STAŁEJ DŁUGOŚCI - DANE KONTROLNE
podpole kontrolne o stałej długości s pl f |000 0 pol
245 00 - TYTUŁ/ODPOWIEDZIALNOŚĆ
Tytuł Landscape diversity :
Ciąg dalszy tytułu a chance for the rural community to achieve a sustainable future : 2nd Pan-European Seminar on Rural Landscapes, Poznań (Poland) 25-30 September 1995 /
Pozostałe elementy strefy tytułu i oznaczenia odpowiedzialności ed. by Lech Ryszkowski, Geoffrey Pearson and Stanisław Bałazy.
260 ## - STREFA ADRESU WYDAWNICZEGO
Miejsce wydania Poznań :
Nazwa wydawcy/dystrybutora Research Center for Agricultural and Forest Environment of the Polish Academy of Sciences :
-- "Bonami",
Data publikacji, dystrybucji/powstania dokumentu 1996.
300 ## - STREFA OPISU FIZYCZNEGO
Objętość 223 s., [8] s. fot. kolor. :
Inne cechy fizyczne mapy, rys., wykr. ;
Rozmiary 24 cm.
504 ## - UWAGA DOTYCZĄCA BIBLIOGRAFII
Informacje o bibliografii Bibliogr. przy ref.
650 #9 - HASŁO PRZEDMIOTOWE W FORMIE NAZWY OGÓLNEJ LUB JEDNOSTKOWEJ
Nazwa ogólna lub geograficzna Krajobraz
Określnik ogólny ochrona
Określnik geograficzny Europa Środkowo-Wschodnia
Określnik chronologiczny od 1989 r.
650 #9 - HASŁO PRZEDMIOTOWE W FORMIE NAZWY OGÓLNEJ LUB JEDNOSTKOWEJ
Nazwa ogólna lub geograficzna Rolnictwo
Określnik ogólny polityka
Określnik geograficzny Europa Środkowo-Wschodnia
Określnik chronologiczny od 1989 r.
650 #9 - HASŁO PRZEDMIOTOWE W FORMIE NAZWY OGÓLNEJ LUB JEDNOSTKOWEJ
Nazwa ogólna lub geograficzna Środowisko człowieka
Określnik ogólny higiena i ochrona
Określnik geograficzny Europa Środkowo-Wschodnia
Określnik chronologiczny od 1989 r.
655 ## - TERMIN INDEKSOWY - OKREŚLENIE RODZAJU/FORMY DOKUMENTU
Określenie rodzaju/formy dokumentu Materiały konferencyjne
700 1# - HASŁO DODATKOWE - NAZWA OSOBOWA
Nazwa osobowa RYSZKOWSKI, Lech
Daty związane z nazwą (1931- ).
Określenie związku między hasłem a opisywanym materiałem rd
700 1# - HASŁO DODATKOWE - NAZWA OSOBOWA
Nazwa osobowa PEARSON, Geoffrey.
Określenie związku między hasłem a opisywanym materiałem rd
700 1# - HASŁO DODATKOWE - NAZWA OSOBOWA
Nazwa osobowa BAŁAZY, Stanisław.
Określenie związku między hasłem a opisywanym materiałem rd
856 ## - LOKALIZACJA I DOSTĘP DO ELEKTRONICZNYCH DOKUMENTÓW ZDALNYCH
Link (URL) http://koha.tu.koszalin.pl/cgi-bin/koha/opac-detail.pl?biblionumber=42896
Tekst linku Katalog online BPK
942 ## - DODATKOWE ELEMENTY (KOHA)
Typ dokumentu Książka
Egzemplarze
Wycofany Status egzemplarza Uszkodzony Dostępność Lokalizacja stała Lokalizacja bieżąca Miejsce przechowywania Sygnatura Kod kreskowy Dział Typ dokumentu
      Tylko na miejscu Biblioteka Politechniki Koszalińskiej Biblioteka Politechniki Koszalińskiej Czytelnia BG 67686 01912371 338.43 Ekonomika rolnictwa Książka
      Dostępny Biblioteka Politechniki Koszalińskiej Biblioteka Politechniki Koszalińskiej Wypożyczalnia BG 67687 01912364   Książka
      Dostępny Biblioteka Politechniki Koszalińskiej Biblioteka Politechniki Koszalińskiej Wypożyczalnia BG 67688 01912357   Książka
© 2023 Biblioteka Politechniki Koszalińskiej :: KOHA